| 000 | 00800nam a2200301Ia 4500 | ||
|---|---|---|---|
| 001 | 5118 | ||
| 005 | 20240113233817.0 | ||
| 007 | ta | ||
| 008 | 050617s1995 a g b000 u eng u | ||
| 020 |
_a81-85712-21-2 _cRs. 35.00 |
||
| 040 | _aCotton College,Assam | ||
| 041 | _aeng | ||
| 082 |
_a591.17 _bBe 455 Te |
||
| 100 | _aBerry, A.K. . | ||
| 245 | 0 |
_aA Textbook of Animal Histology / _cA.K. Berry. _hTextual Documents |
|
| 250 | _a3rd rev. ed. / | ||
| 260 |
_aDelhi : _bEmkay Publications , _c1995. |
||
| 300 |
_a246p. : _bill ; _c21cm . |
||
| 365 | _aRs. 35.00 | ||
| 504 | _aIndex | ||
| 653 | _aZoology-Animal histology | ||
| 653 | _aAnimal histology | ||
| 653 | _aPG-Zoology | ||
| 942 |
_2ddc _cBK |
||
| 999 |
_c5105 _d5105 |
||